भारतवर्षीय प्राचीन चरित्रकोश (Record no. 107498)
[ view plain ]
| 000 -LEADER | |
|---|---|
| fixed length control field | 01346nam a2200229Ia 4500 |
| 003 - CONTROL NUMBER IDENTIFIER | |
| control field | OSt |
| 005 - DATE AND TIME OF LATEST TRANSACTION | |
| control field | 20220918105459.0 |
| 008 - FIXED-LENGTH DATA ELEMENTS--GENERAL INFORMATION | |
| fixed length control field | 220915b |||||||| |||| 00| 0 hin d |
| 037 ## - SOURCE OF ACQUISITION | |
| Terms of availability | Reference Collections |
| 040 ## - CATALOGING SOURCE | |
| Original cataloging agency | ARTS |
| Transcribing agency | ARTS |
| Language of cataloging | hin |
| 041 ## - LANGUAGE CODE | |
| Source of code | hin |
| Language code of text/sound track or separate title | hin |
| 100 ## - MAIN ENTRY--PERSONAL NAME | |
| Personal name | चित्राव, सिद्धेश्वरशास्सत्री |
| 9 (RLIN) | 1581 |
| 245 #0 - TITLE STATEMENT | |
| Title | भारतवर्षीय प्राचीन चरित्रकोश |
| Remainder of title | श्रुति, स्मृति, पुराण, सूत्र, वेदांग, उपनिषद्, बौद्ध एंव जैन साहित्य मे निर्दिष्ट व्यक्तियों की साधार जानकारी प्रस्तुत करने वालाग्रंथ |
| 246 ## - VARYING FORM OF TITLE | |
| Title proper/short title | Bhāratavarṣhīya prāchīn charitrakosha: shruti, smṛuti, purāṇa, sūtra, vedāanga, upaniṣhad, bauddha eanva jain sāhitya me nirdiṣhṭa vyaktiyoan kī sādhār jānakārī prastut karane vālāgrantha |
| 260 ## - PUBLICATION, DISTRIBUTION, ETC. | |
| Date of publication, distribution, etc. | 1964 |
| 942 ## - ADDED ENTRY ELEMENTS (KOHA) | |
| Classification part | O152,4k, K4 (RR) |
| Koha item type | Reference |
| Withdrawn status | Lost status | Damaged status | Not for loan | Home library | Current library | Date acquired | Total Checkouts | Full call number | Barcode | Date last seen | Price effective from | Koha item type |
|---|---|---|---|---|---|---|---|---|---|---|---|---|
| Arts Library | Arts Library | 2022-09-18 | O152,4k K4 (RR) | AL0193515 | 2022-09-18 | 2022-09-18 | Reference |
